[Event "Mhan 2009"]
[Site "Quéven"]
[Date "2008.12.13"]
[Round "3.9"]
[White "Salaun, Michel"]
[Black "Roussel, Bernard"]
[Result "1-0"]
[WhiteElo "2036"]
[BlackElo "1600"]
[Annotator "Salaun,Michel"]
[PlyCount "59"]
[EventDate "2008.12.13"]
[EventType "swiss"]
[EventRounds "3"]
[EventCountry "FRA"]
[SourceDate "2008.12.13"]

1. Nf3 d6 2. d4 Nf6 3. c4 c6 4. Nc3 g6 5. e4 Bg7 6. Bd3 O-O 7. O-O a6 8. Bf4
Bg4 9. h3 Bxf3 10. Qxf3 Nh5 11. Be3 Nd7 12. Qe2 e6 13. f4 Ng3 14. Qf2 Nxf1 15.
Rxf1 f5 16. d5 e5 17. exf5 exf4 18. Bd4 Ne5 19. Bxe5 dxe5 20. fxg6 hxg6 21.
Bxg6 Qg5 22. Be4 Rf6 23. Qb6 Rh6 24. Qxb7 Rf8 25. dxc6 Rxh3 26. Nd5 Qg3 27. c7
Qh2+ 28. Kf2 Qg3+ 29. Ke2 Qxg2+ 30. Bxg2 1-0

[Event "Mhan 2009"]
[Site "Ploemeur"]
[Date "2008.12.13"]
[Round "3"]
[White "Loizil, Joël"]
[Black "Berthelot, Eric"]
[Result "0-1"]
[WhiteElo "1843"]
[BlackElo "1460"]
[Annotator "Berthelot,Eric"]
[PlyCount "70"]
[EventDate "2008.12.14"]
[EventType "swiss"]
[EventRounds "3"]
[EventCountry "FRA"]
[SourceDate "2008.12.13"]

1. e4 e5 2. Nf3 Nc6 3. Bb5 Nf6 4. Nc3 Bc5 5. O-O a6 6. Bxc6 dxc6 7. Nxe5 O-O 8.
d3 Re8 9. Nc4 Bg4 10. Qe1 h6 11. Be3 Bb4 12. a3 Be7 13. f3 Be6 14. Nd2 Nh7 15.
Ne2 Bh4 16. g3 Bf6 17. d4 Bh3 18. Rf2 Bg5 19. f4 Be7 20. c3 Nf6 21. Nc1 Ng4 22.
Re2 Bf8 23. Nd3 Nxe3 24. Rxe3 b6 25. Nf3 f6 26. e5 fxe5 27. Ndxe5 c5 28. Rd1
Qe7 29. Qf2 Qd6 30. d5 Qf6 31. c4 Bd6 32. Rde1 a5 33. Qe2 a4 34. Nd7 Bxd7 35.
Rxe8+ Rxe8 0-1

[Event "Mhan 2009"]
[Site "Quéven"]
[Date "2008.12.06"]
[Round "3.1"]
[White "Le Corre, Patrick"]
[Black "Pascot, Jean"]
[Result "1-0"]
[WhiteElo "2022"]
[BlackElo "1881"]
[Annotator "Salaun,Michel"]
[PlyCount "57"]
[EventDate "2008.12.13"]
[EventType "swiss"]
[EventRounds "3"]
[EventCountry "FRA"]
[SourceDate "2008.12.13"]

1. e4 e5 2. Nc3 Bc5 3. Nf3 Nc6 4. Nxe5 Nxe5 5. d4 Bxd4 (5... Bd6) 6. Qxd4 Qf6
7. Nb5 Ne7 8. f4 Qh4+ 9. Qf2 Qxf2+ 10. Kxf2 Ng4+ 11. Kf3 O-O 12. Kxg4 f5+ 13.
exf5 d5 14. Bd3 Bd7 15. Nxc7 Rac8 16. Ne6 Rf6 17. Bd2 g6 18. Nd4 Kf7 19. Rae1
Rg8 20. Kf3 gxf5 21. Re2 Ng6 22. g3 h5 23. Bc3 a6 24. Kf2 h4 25. Nf3 Rb6 26.
Bd4 Rb4 27. c3 Bb5 28. Ng5+ Kf8 29. Bc5+ 1-0

[Event "Mhan 2009"]
[Site "Questembert"]
[Date "2008.12.02"]
[Round "3.21"]
[White "Le Borgne, Christian"]
[Black "Bier, Henriette"]
[Result "1-0"]
[WhiteElo "1499"]
[BlackElo "1080"]
[Annotator "Salaun,Michel"]
[PlyCount "89"]
[EventDate "2008.12.13"]
[EventType "swiss"]
[EventRounds "3"]
[EventCountry "FRA"]
[SourceDate "2008.12.13"]

1. e4 e5 2. Bc4 Nf6 3. d3 Bc5 4. Nf3 Nc6 5. Nc3 d6 6. h3 O-O 7. Bg5 Be6 8. Nd5
Bb4+ 9. c3 Ba5 10. b4 Bb6 11. a4 h6 12. Bxf6 gxf6 13. a5 Bxf2+ 14. Kxf2 Kh8 15.
Qd2 Kh7 16. Nh2 Rg8 17. Qe2 Rg5 18. Ng4 Bxd5 19. Bxd5 Ne7 20. Bxf7 Qf8 21. Bc4
Qg7 22. Qd2 a6 23. Ke1 Rf8 24. Be6 Nc6 25. Bf5+ Kh8 26. h4 Rxg4 27. Bxg4 Ne7
28. h5 Qg5 29. Qd1 Qe3+ 30. Be2 Qg3+ 31. Kd2 Qxg2 32. Rg1 Qh2 33. Kc2 Qh3 34.
Qd2 Kh7 35. Bg4 Qh4 36. Qe2 Qg5 37. Bf5+ Nxf5 38. Rxg5 fxg5 39. exf5 Kg7 40.
Qf3 Kf6 41. d4 c6 42. Kd3 exd4 43. cxd4 d5 44. Qg4 b5 45. axb6 1-0

[Event "Mhan 2009"]
[Site "Quéven"]
[Date "2008.12.13"]
[Round "3.4"]
[White "Pouliquen, Alain"]
[Black "Lages, Michel"]
[Result "1/2-1/2"]
[WhiteElo "1695"]
[BlackElo "1903"]
[Annotator "Salaun,Michel"]
[PlyCount "79"]
[EventDate "2008.12.13"]
[EventType "swiss"]
[EventRounds "3"]
[EventCountry "FRA"]
[SourceDate "2008.12.13"]

1. d4 c5 2. d5 e5 3. e4 d6 4. Bb5+ Nd7 5. a4 Be7 6. Ne2 a6 7. Bd3 Bg5 8. O-O
Bxc1 9. Qxc1 Ngf6 10. Nbc3 O-O 11. Ng3 g6 12. Qg5 Kh8 13. Nd1 Ng8 14. Qxd8 Rxd8
15. Ne3 Ngf6 16. Nc4 Ne8 17. f4 f6 18. fxe5 Nxe5 19. Nxe5 dxe5 20. Ne2 Kg7 21.
c4 Nd6 22. a5 Rb8 23. Nc3 Bd7 24. Rfb1 b5 25. axb6 Rxb6 26. Na4 Bxa4 27. Rxa4
f5 28. exf5 gxf5 29. b4 Rc8 30. bxc5 Rxb1+ 31. Bxb1 Rxc5 32. Rxa6 {(=)} Rxc4
33. Rc6 Rd4 34. Rxd6 Rd1+ 35. Kf2 Rxb1 36. Re6 e4 37. g4 {(=)} Rb2+ 38. Kg3
Rb3+ 39. Kf2 Rf3+ 40. Kg2 1/2-1/2

[Event "Mhan 2009"]
[Site "Quéven"]
[Date "2008.12.13"]
[Round "3.19"]
[White "Marechal, Daniel"]
[Black "Cathary, Antoine"]
[Result "1-0"]
[WhiteElo "1590"]
[BlackElo "1250"]
[Annotator "Salaun,Michel"]
[PlyCount "55"]
[EventDate "2008.12.13"]
[EventType "swiss"]
[EventRounds "3"]
[EventCountry "FRA"]
[SourceDate "2008.12.13"]

1. e4 e5 2. Nc3 Nc6 3. f4 d6 4. Nf3 Bg4 5. Be2 Bxf3 6. Bxf3 g6 7. O-O h5 8. d3
Qf6 9. Nd5 Qd8 10. c3 Nh6 11. fxe5 Nxe5 12. Be2 Rc8 13. Nf6+ Ke7 14. Bg5 Ke6
15. Qb3+ d5 16. exd5+ Kd6 17. Ne4+ Kd7 18. Bxd8 Rxd8 19. Nf6+ Ke7 20. d4 Neg4
21. Nxg4 hxg4 22. Rae1 Kd6 23. Rf6+ Kd7 24. Bb5+ c6 25. dxc6+ bxc6 26. Qd5+ Kc8
27. Qxc6+ Kb8 28. Ba6 1-0

[Event "Mhan 2009"]
[Site "Quéven"]
[Date "2008.12.13"]
[Round "3.11"]
[White "Stephan, Arthur"]
[Black "Sellin, Alain"]
[Result "1-0"]
[WhiteElo "1906"]
[BlackElo "1590"]
[Annotator "Salaun,Michel"]
[PlyCount "33"]
[EventDate "2008.12.13"]
[EventType "swiss"]
[EventRounds "3"]
[EventCountry "FRA"]
[SourceDate "2008.12.13"]

1. Nf3 d5 2. g3 Bf5 3. Bg2 c6 4. O-O Qc8 5. Re1 e6 6. d3 Bc5 7. Nc3 Nf6 8. b3
O-O 9. Bb2 Ng4 10. e3 Nd7 11. Nh4 Bg6 12. Qxg4 Nf6 13. Qf3 Bh5 14. Qf4 Qd7 15.
Na4 Bd6 16. Be5 Bxe5 17. Qxe5 1-0

[Event "Mhan 2009"]
[Site "Quéven"]
[Date "2008.12.13"]
[Round "3.18"]
[White "Josse, Emanuelle"]
[Black "Roussel, Yannis"]
[Result "0-1"]
[WhiteElo "1422"]
[BlackElo "1670"]
[Annotator "Salaun,Michel"]
[PlyCount "138"]
[EventDate "2008.12.13"]
[EventType "swiss"]
[EventRounds "3"]
[EventCountry "FRA"]
[SourceDate "2008.12.13"]

1. d4 d5 2. Nf3 Nf6 3. Bf4 e6 4. e3 Bd6 5. Ne5 Nfd7 6. Bd3 Nc6 7. Nxc6 bxc6 8.
Bxd6 cxd6 9. O-O e5 10. Nc3 Nb6 11. b3 c5 12. Bb5+ Bd7 13. f4 e4 14. f5 Bxb5
15. Nxb5 a6 16. Nc3 Qg5 17. Qd2 Rd8 18. Qf2 {(=)} O-O 19. Qf4 Qxf4 20. Rxf4 Rc8
21. Ne2 Nd7 22. Rc1 Rc7 23. g4 Rfc8 24. g5 cxd4 25. Nxd4 Ne5 26. Rd1 Rc3 27.
Kf2 R8c5 28. Rd2 Kf8 29. h4 Ke8 30. h5 h6 31. g6 f6 32. Ke2 Ra5 33. a4 Kf8 34.
Kf2 Kg8 35. Ke2 Kh8 36. Kf2 Rac5 37. Ke2 Kg8 38. Kf2 Nf3 39. Nxf3 exf3 40. Kxf3
Rxc2 41. Rfd4 (41. Rb4 Rc1 (41... Rxd2 42. Rb8+) 42. Rxd5 $18) 41... Rxd2 42.
Rxd2 Kf8 43. b4 Rc4 44. Rxd5 (44. Rd4 $18) 44... Ke7 45. Rd4 Rc1 46. e4 Rh1 47.
b5 axb5 48. axb5 Rxh5 49. Rb4 Rh3+ 50. Kg2 Rc3 51. b6 Rc8 52. b7 Rb8 53. Kf3
Kd7 54. Kf4 Kc7 55. Rd4 Rxb7 56. Rd3 Rb5 57. Kg4 Re5 58. Kf4 Kc6 59. Ra3 Re7
60. Ra8 Kc5 61. Rf8 Kd4 62. Rf7 Rxe4+ 63. Kf3 Ke5 64. Rxg7 Kxf5 65. Rd7 Rf4+
66. Ke3 Rg4 67. g7 Ke6 68. Ra7 h5 69. Ra8 Rxg7 0-1

[Event "Mhan 2009"]
[Site "Quéven"]
[Date "2008.12.13"]
[Round "3.8"]
[White "Tonal, Jean Jacques"]
[Black "Payet, Quentin"]
[Result "1/2-1/2"]
[WhiteElo "1578"]
[BlackElo "2050"]
[Annotator "Salaun,Michel"]
[PlyCount "171"]
[EventDate "2008.12.13"]
[EventType "swiss"]
[EventRounds "3"]
[EventCountry "FRA"]
[SourceDate "2008.12.13"]

1. d4 e6 2. e3 Nf6 3. f4 d5 4. Bd3 c5 5. c3 g6 6. Nf3 Nc6 7. O-O Bg7 8. Nbd2 c4
9. Bc2 b5 10. Ne5 Bd7 11. Ndf3 O-O 12. Bd2 Qc7 13. Qe1 Ne4 14. Nxc6 Bxc6 15. g4
f5 16. g5 Rfc8 17. Ne5 Bxe5 18. dxe5 Bb7 19. Bxe4 dxe4 20. Qe2 Rd8 21. Rad1 Rd3
22. h4 Kg7 23. h5 Qd7 24. Rf2 Rd8 25. Rh2 Rh8 26. hxg6 hxg6 27. Rxh8 Kxh8 28.
Qh2+ Qh7 29. Qxh7+ Kxh7 30. Kf2 Kg7 31. Ke2 {(=)} Rd8 32. Be1 Rd3 33. Bd2 Ba6
34. Be1 Kg8 35. Rxd3 exd3+ 36. Kd2 Bb7 37. b4 Kf7 38. Bf2 Bd5 39. Be1 Ke7 40.
Kc1 Kd7 41. Kb2 {(=)} Kc6 42. Kc1 Kb6 43. Kb2 a6 44. Kc1 Kc6 45. Kd2 Kb6 46.
Kc1 Bf3 47. Kd2 a5 48. a3 Kc6 49. Bh4 axb4 50. axb4 Kd5 51. Be1 Ke4 52. Bh4 Be2
53. Be1 Kf3 54. Bh4 Bd1 55. Be1 Bc2 56. Bh4 Kg4 57. Be1 Kh3 58. Bf2 Kh2 59. Bh4
Kg1 60. Be1 Kg2 61. Bh4 Kf3 62. Be1 Bb3 63. Bh4 Bd1 64. Be1 Be2 65. Bh4 Bf1 66.
Be1 Bh3 67. Bh4 Kg4 68. Be1 Kf3 69. Bh4 Bf1 70. Be1 Be2 71. Bh4 Bd1 72. Be1 Bc2
73. Bh4 Bd1 74. Be1 Bb3 75. Bh4 Bd1 76. Be1 Be2 77. Bh4 Bd1 78. Be1 Ba4 79. Bh4
Bd1 80. Be1 Bb3 81. Bh4 Bd1 82. Be1 Be2 83. Bh4 Kg4 84. Be1 Kf3 85. Bh4 Bd1 86.
Be1 {Quand il y a 36 fois la même position il n'est pas utile de prendre une
2ème feuille de partie...} 1/2-1/2

[Event "Mhan 2009"]
[Site "Vannes"]
[Date "2009.01.03"]
[Round "4.5"]
[White "Stephan, Victor"]
[Black "Dujardin, Bernard"]
[Result "1-0"]
[WhiteElo "2184"]
[BlackElo "1763"]
[Annotator "Salaun,Michel"]
[PlyCount "87"]
[EventDate "2009.01.03"]
[EventType "swiss"]
[EventRounds "4"]
[EventCountry "FRA"]
[SourceDate "2008.12.13"]

1. d4 Nf6 2. c4 e6 3. Nc3 d5 4. cxd5 exd5 5. Bg5 c6 6. e3 h6 7. Bh4 Bf5 8. Qf3
Bg6 9. Bxf6 Qxf6 10. Qxf6 gxf6 11. Nge2 Bd6 12. g3 Nd7 13. Rc1 b5 14. Nf4 Bxf4
15. gxf4 b4 16. Na4 Be4 17. Rg1 Rc8 18. Bh3 Rc7 19. Ke2 Nb6 20. Nxb6 axb6 21.
f5 Ra7 22. Ra1 Ke7 23. Rgc1 Rha8 24. f3 Rxa2 25. Rxa2 Rxa2 26. fxe4 Rxb2+ 27.
Kf3 dxe4+ 28. Kxe4 Kd6 29. Bf1 Rxh2 30. Bc4 h5 31. Bxf7 h4 32. Be8 c5 33. dxc5+
bxc5 34. Bf7 h3 35. Rd1+ Kc6 36. Kf3 Rc2 37. e4 c4 38. Bd5+ Kc7 39. e5 Rc3+ 40.
Ke4 fxe5 41. f6 Kd6 42. f7 Ke7 43. Rf1 Kf8 44. Rg1 1-0

[Event "Mhan 2009"]
[Site "Quéven"]
[Date "2008.12.13"]
[Round "3.2"]
[White "Duplessy, Franck"]
[Black "Annetti, Laurent"]
[Result "1-0"]
[WhiteElo "2011"]
[BlackElo "1858"]
[Annotator "Salaun,Michel"]
[PlyCount "97"]
[EventDate "2008.12.13"]
[EventType "swiss"]
[EventRounds "3"]
[EventCountry "FRA"]
[SourceDate "2008.12.13"]

1. d4 Nf6 2. Nf3 e6 3. Bg5 d5 4. c4 c6 5. Nc3 Nbd7 6. e3 Qa5 7. Bxf6 Nxf6 8.
Nd2 Ne4 9. Ndxe4 dxe4 10. a3 f5 11. Be2 Bd6 12. Qd2 O-O 13. Nxe4 Qd8 14. Nxd6
Qxd6 15. c5 Qe7 16. O-O e5 17. Bc4+ Be6 18. Qc3 Bxc4 19. Qxc4+ Kh8 20. Rfd1 f4
21. exf4 exf4 22. Re1 Qh4 23. Re4 Rae8 24. Rae1 Qh5 25. f3 Rxe4 26. Rxe4 Qg6
27. b4 h5 28. a4 h4 29. h3 a6 30. a5 Re8 31. Qe2 Rf8 32. Qd2 Qf7 33. Qc2 Qg6
34. Qc4 Re8 35. d5 cxd5 36. Qxd5 Rxe4 37. Qxe4 Qf7 38. Qd4 Kh7 39. Qd8 Qc4 40.
Qxh4+ Kg8 41. Qd8+ Kh7 42. Qd2 Kg8 43. Kh2 Kh7 44. Qe1 Qf7 45. Qe4+ Kg8 46. c6
bxc6 47. Qxc6 Qe7 48. Qc4+ Kh7 49. Qxf4 1-0

[Event "Mhan 2009"]
[Site "Quéven"]
[Date "2008.12.13"]
[Round "3.13"]
[White "Dujardin, Bernard"]
[Black "Potier, Pierre"]
[Result "1-0"]
[WhiteElo "1791"]
[BlackElo "1520"]
[Annotator "Salaun,Michel"]
[PlyCount "80"]
[EventDate "2008.12.13"]
[EventType "swiss"]
[EventRounds "3"]
[EventCountry "FRA"]
[SourceDate "2008.12.13"]

1. d4 d5 2. c4 Nf6 3. Nc3 e6 4. cxd5 exd5 5. g3 Bb4 6. Bg2 h6 7. Nf3 O-O 8. O-O
c6 9. Qc2 Bxc3 10. bxc3 Ne4 11. Nh4 f5 12. f3 Nd6 13. Ba3 Rf6 14. Bxd6 Qxd6 15.
e4 Qf8 16. e5 Rf7 17. Ng6 Qd8 18. h4 Qc7 19. Nf4 g5 20. hxg5 hxg5 21. Nh3 Qe7
22. Rae1 Rh7 23. f4 gxf4 24. Nxf4 Rh6 25. e6 Bxe6 26. Qxf5 Bxf5 27. Rxe7 Nd7
28. Nxd5 Rf8 29. Nf4 Nf6 30. Rxb7 Ne4 31. Ne2 Rg6 32. Rxf5 Rxf5 33. Bxe4 Re6
34. Bxf5 Rxe2 35. Rxa7 Re3 36. c4 Rxg3+ 37. Kf2 Rg5 38. Be4 Kf8 39. Bxc6 Rg4
40. Ke3 Rg6 1-0

[Event "Mhan 2009"]
[Site "Quéven"]
[Date "2008.12.13"]
[Round "3.20"]
[White "Derrien, Cyrille"]
[Black "Rivalin, Patrick"]
[Result "0-1"]
[WhiteElo "1160"]
[BlackElo "1574"]
[Annotator "Salaun,Michel"]
[PlyCount "57"]
[EventDate "2008.12.13"]
[EventType "swiss"]
[EventRounds "3"]
[EventCountry "FRA"]
[SourceDate "2008.12.13"]

1. e4 e6 2. d4 d5 3. Nc3 dxe4 4. Nxe4 Nf6 5. Bd3 Be7 6. Nf3 O-O 7. O-O Nc6 8.
Nxf6+ Bxf6 9. c3 b6 10. Be4 Bb7 11. Qd3 h6 12. Bf4 Rb8 13. Rad1 Re8 14. Be5
Nxe5 15. Nxe5 Bxe5 16. dxe5 Qxd3 17. Bxd3 Rbd8 18. Bb5 c6 19. Rxd8 Rxd8 20. Be2
Rd2 21. Rd1 Rxe2 22. Kf1 Ba6 23. b3 Rxe5+ 24. c4 b5 25. Rd7 bxc4 26. Rxa7 Bb5
27. Rb7 cxb3+ 28. Rxb5 Rxb5 29. axb3 0-1

[Event "Mhan 2009"]
[Site "Quéven"]
[Date "2008.12.13"]
[Round "3.14"]
[White "Pinel, Jeremy"]
[Black "Siclet, Pascal"]
[Result "1-0"]
[WhiteElo "1787"]
[BlackElo "1499"]
[Annotator "Salaun,Michel"]
[PlyCount "49"]
[EventDate "2008.12.13"]
[EventType "swiss"]
[EventRounds "3"]
[EventCountry "FRA"]
[SourceDate "2008.12.13"]

1. e4 c5 2. Nf3 Nc6 3. d4 cxd4 4. Nxd4 Nf6 5. Nc3 a6 6. Be3 e5 7. Nb3 Bb4 8.
Bd3 O-O 9. O-O Bxc3 10. bxc3 d6 11. Bg5 h6 12. Bh4 Kh8 13. f4 Qb6+ 14. Kh1 Ng4
15. Qd2 exf4 16. Qxf4 Nce5 17. h3 Nxd3 18. cxd3 Ne5 19. Bf6 gxf6 20. Qxh6+ Kg8
21. Rxf6 Be6 22. Qg5+ Ng6 23. Nd4 Bxa2 24. Nf5 Qb2 25. Rxg6+ 1-0

[Event "Mhan 2009"]
[Site "Quéven"]
[Date "2008.12.13"]
[Round "3.12"]
[White "Dumont, Gerard"]
[Black "Hocher, Eugene"]
[Result "0-1"]
[WhiteElo "1160"]
[BlackElo "1816"]
[Annotator "Salaun,Michel"]
[PlyCount "54"]
[EventDate "2008.12.13"]
[EventType "swiss"]
[EventRounds "3"]
[EventCountry "FRA"]
[SourceDate "2008.12.13"]

1. d4 Nf6 2. Nf3 e6 3. Nc3 Bb4 4. Bd2 O-O 5. e4 Bxc3 6. Bxc3 Nxe4 7. Qe2 Nxc3
8. bxc3 d6 9. Qe3 Nd7 10. Bd3 Nf6 11. O-O Bd7 12. h3 Bc6 13. c4 Re8 14. Rfd1
Qe7 15. c5 h6 16. Nh4 Nd5 17. Qg3 Qf6 18. Re1 Rad8 19. Re4 dxc5 20. c4 Nb4 21.
Rf4 Qe7 22. Ng6 fxg6 23. Bxg6 Rf8 24. Rh4 Kh8 25. Qe5 Qxh4 26. Rf1 Qxd4 27.
Qxe6 Rf6 0-1

[Event "Mhan 2009"]
[Site "Quéven"]
[Date "2008.12.13"]
[Round "3.7"]
[White "Le Coz, Yannick"]
[Black "Stephan, Victor"]
[Result "0-1"]
[WhiteElo "1701"]
[BlackElo "2155"]
[Annotator "Salaun,Michel"]
[PlyCount "118"]
[EventDate "2008.12.13"]
[EventType "swiss"]
[EventRounds "3"]
[EventCountry "FRA"]
[SourceDate "2008.12.13"]

1. e4 c5 2. Nf3 d6 3. d4 Nf6 4. Bb5+ Nbd7 5. Nc3 a6 6. Bxd7+ Nxd7 7. e5 cxd4 8.
Qxd4 dxe5 9. Nxe5 e6 10. Be3 Qf6 11. f4 Bc5 12. Qe4 Bxe3 13. Qxe3 Nxe5 14. fxe5
Qg6 15. O-O-O O-O 16. Ne4 b5 17. Nd6 Bd7 18. h3 Bc6 19. Rhg1 f6 20. Qc5 Be8 21.
Rdf1 Qg5+ 22. Kb1 Bg6 23. h4 Qxe5 24. Qxe5 fxe5 25. Re1 Rad8 26. Nb7 Rd2 27.
Rxe5 Rxc2 28. Ka1 Rxg2 29. Rc1 Rc2 30. Ree1 e5 31. Rxc2 Bxc2 32. b3 e4 33. Kb2
Bd3 34. Kc3 Rf2 35. Ra1 Rh2 36. Nc5 a5 37. Nxd3 Rh3 38. Kd4 exd3 39. Kc5 b4 40.
Kb5 Rxh4 41. Kxa5 h5 42. Kb5 g5 43. Rg1 Rg4 44. Rh1 h4 45. Kc5 Kf7 46. Kd5 Kg6
47. Ke5 Kh5 48. Kf5 Rf4+ 49. Ke5 Rf2 50. Rd1 d2 51. Kd4 h3 52. Kc4 h2 53. Kxb4
Rg2 54. Rh1 d1=Q 55. Rxd1 Rg1 56. Rd8 h1=Q 57. Rh8+ Kg6 58. Rxh1 Rxh1 59. a4 g4
0-1

[Event "Mhan 2009"]
[Site "Quéven"]
[Date "2008.12.13"]
[Round "3.17"]
[White "Bonhomme, Christian"]
[Black "Le Garrec, Maxime"]
[Result "1-0"]
[WhiteElo "1640"]
[BlackElo "1790"]
[Annotator "Salaun,Michel"]
[PlyCount "35"]
[EventDate "2008.12.13"]
[EventType "swiss"]
[EventRounds "3"]
[EventCountry "FRA"]
[SourceDate "2008.12.13"]

1. d4 b5 2. e4 Bb7 3. Bxb5 Bxe4 4. Nf3 e6 5. O-O Be7 6. c4 Nf6 7. Nc3 Bb7 8.
Re1 O-O 9. Ba4 Ba6 10. Ne5 d6 11. Qf3 d5 12. c5 Nfd7 13. Bc2 Nxe5 14. Rxe5 Nd7
15. Bxh7+ Kh8 16. Rh5 Nf6 17. Bd3+ Nxh5 18. Qxh5+ 1-0

[Event "Mhan 2009"]
[Site "Quéven"]
[Date "2008.12.13"]
[Round "3.15"]
[White "Trelohan, Henri"]
[Black "Merbeth, Paul"]
[Result "1-0"]
[WhiteElo "1719"]
[BlackElo "1299"]
[Annotator "Salaun,Michel"]
[PlyCount "57"]
[EventDate "2008.12.13"]
[EventType "swiss"]
[EventRounds "3"]
[EventCountry "FRA"]
[SourceDate "2008.12.13"]

1. c4 Nf6 2. Nc3 e6 3. g3 d5 4. cxd5 exd5 5. d4 c5 6. dxc5 Bxc5 7. e3 O-O 8.
Nge2 Re8 9. Bg2 Be6 10. O-O Nc6 11. Na4 Bb6 12. Nxb6 Qxb6 13. b3 Bg4 14. Re1 d4
15. f3 dxe3 16. fxg4 Nxg4 17. Qc2 Nb4 18. Qc4 Rad8 19. Qxg4 Nd3 20. Ba3 Nf2 21.
Qb4 Qf6 22. Qf4 Qb6 23. Qb4 Qf6 24. Qxb7 Rd2 25. Qb5 Re5 26. Qb4 Rd8 27. Nf4
Rf5 28. Qe7 Qb6 29. Rxe3 1-0

[Event "Mhan 2009"]
[Site "Quéven"]
[Date "2008.12.13"]
[Round "3.5"]
[White "Jolivel, Dominique"]
[Black "Deslias, Gregoire"]
[Result "0-1"]
[WhiteElo "1935"]
[BlackElo "1726"]
[Annotator "Salaun,Michel"]
[PlyCount "72"]
[EventDate "2008.12.13"]
[EventType "swiss"]
[EventRounds "3"]
[EventCountry "FRA"]
[SourceDate "2008.12.13"]

1. d4 d5 2. c4 e6 3. Nf3 Nf6 4. Nc3 Nbd7 5. cxd5 exd5 6. Bg5 Be7 7. e3 O-O 8.
Bd3 Re8 9. O-O Nf8 10. h3 Ng6 11. Bxg6 hxg6 12. Rc1 c6 13. a3 Bf5 14. Re1 Qb6
15. b4 a5 16. Na4 Qb5 17. Nc3 Qb6 18. Na4 Qb5 19. Nc3 Qd3 20. Qb3 axb4 21. axb4
Qc4 22. Qxc4 dxc4 23. Bxf6 gxf6 24. e4 Bd7 25. Rb1 {(=)} Ra3 26. Rec1 Rb3 27.
Rxb3 cxb3 28. Rb1 Bxb4 29. Rxb3 Bxc3 30. Rxc3 Rxe4 31. Rb3 b5 32. Ra3 Be6 33.
Re3 {(=)} Rxe3 34. fxe3 b4 35. Nd2 b3 36. Kf2 b2 0-1

[Event "Mhan 2009"]
[Site "Quéven"]
[Date "2008.12.13"]
[Round "3.3"]
[White "Bremond, Edouard"]
[Black "Gallois, Jerome"]
[Result "0-1"]
[WhiteElo "1755"]
[BlackElo "2000"]
[Annotator "Salaun,Michel"]
[PlyCount "34"]
[EventDate "2008.12.13"]
[EventType "swiss"]
[EventRounds "3"]
[EventCountry "FRA"]
[SourceDate "2008.12.13"]

1. e4 Nc6 2. d4 e5 3. Nf3 exd4 4. Nxd4 Bc5 5. Be3 Qf6 6. c3 a6 7. Bc4 b5 8. Bd5
Nge7 9. Bb3 Bb7 10. O-O Bb6 11. Re1 Ne5 12. Nd2 O-O 13. Qc2 c5 14. f4 Ng4 15.
e5 Qh6 16. N4f3 Nxe3 17. Rxe3 c4 0-1

[Event "Mhan 2009"]
[Site "Quéven"]
[Date "2008.12.13"]
[Round "3.10"]
[White "Audren, Jean"]
[Black "Le Clanche, Marcel"]
[Result "0-1"]
[WhiteElo "1520"]
[BlackElo "1910"]
[Annotator "Salaun,Michel"]
[PlyCount "70"]
[EventDate "2008.12.13"]
[EventType "swiss"]
[EventRounds "3"]
[EventCountry "FRA"]
[SourceDate "2008.12.13"]

1. d4 c5 2. d5 e5 3. e4 d6 4. c4 g6 5. Nc3 Bg7 6. Nf3 Nh6 7. Be2 O-O 8. O-O f5
9. Bg5 Qd7 10. exf5 Nxf5 11. Ne4 Na6 12. a3 Nc7 13. Qd2 b6 14. h3 Ne8 15. Rab1
Nf6 16. Nxf6+ Bxf6 17. Bxf6 Rxf6 18. Qg5 Qg7 19. Nd2 h6 20. Qg4 Nd4 21. Qxd4
exd4 22. Ne4 Rf4 23. Nxd6 Qe5 24. Nxc8 Rxc8 25. Bg4 Rcf8 26. Rbe1 Re4 27. Rxe4
Qxe4 28. d6 d3 29. d7 h5 30. Bf3 Qd4 31. Bd5+ Kg7 32. b4 d2 33. Bf3 Qxd7 34.
bxc5 bxc5 35. Rb1 Rxf3 0-1

[Event "Mhan 2009"]
[Site "Quéven"]
[Date "2008.12.13"]
[Round "3.6"]
[White "Legras, Sebastien"]
[Black "Siclet, Mathieu"]
[Result "0-1"]
[WhiteElo "1499"]
[BlackElo "1776"]
[Annotator "Salaun,Michel"]
[PlyCount "90"]
[EventDate "2008.12.13"]
[EventType "swiss"]
[EventRounds "3"]
[EventCountry "FRA"]
[SourceDate "2008.12.13"]

1. d4 Nf6 2. Nf3 e6 3. e3 Be7 4. Bd3 d5 5. O-O b6 6. Nbd2 Bb7 7. Ne5 O-O 8. b3
c5 9. c4 dxc4 10. Ndxc4 cxd4 11. exd4 Qd5 12. Qf3 Qxf3 13. Nxf3 Rd8 14. Bb2
Bxf3 15. gxf3 Nc6 16. Rad1 Nb4 17. Bb1 Nbd5 18. Rfe1 Nf4 19. Ne3 Bb4 20. Rf1
N6h5 21. Be4 Nh3+ 22. Kh1 Rac8 23. d5 N5f4 24. dxe6 Rxd1 25. exf7+ Kxf7 26.
Nxd1 Rd8 27. Ne3 Rd2 28. Be5 Rxf2 29. Rxf2 Nxf2+ 30. Kg1 Nxe4 31. fxe4 Ne2+ 32.
Kg2 Nc1 33. Nf5 g6 34. Nd6+ Bxd6 35. Bxd6 Nxa2 36. Kf3 Ke6 37. e5 Nc1 38. b4
Kd5 39. Bb8 a6 40. Kf4 h6 41. Bd6 Nd3+ 42. Ke3 Nxe5 43. Bf8 g5 44. h3 h5 45.
Be7 Nf7 0-1